000 00318nam a22001337a 4500
008 181022b xxu||||| |||| 00| 0 eng d
020 _a9780030209680
041 _aeng
080 _25 ED
_a531
100 _a43
101 _aFIZ
245 _aPhysics For Scientists And Engineering
_cSerway.B
942 _2udc
_cBK
999 _c50506
_d50506